Oportunidades para la economía española del acuerdo TTIP entre la Unión Europea y los Estados Unidos (Registro nro. 49245)
[ vista simple ]
| 000 -CABECERA | |
|---|---|
| Longitud fija campo de control | 01299naa a2200313 c 4500 |
| 001 - NÚMERO DE CONTROL | |
| Número de control | 49245 |
| 003 - IDENTIFICADOR DE NÚMERO DE CONTROL | |
| Identificador del número de control | ES-MaCES |
| 005 - FECHA Y HORA DE LA ÚLTIMA TRANSACCIÓN | |
| Fecha y hora de la última transacción | 20170420104317.0 |
| 008 - CAMPO FIJO DE DESCRIPCIÓN FIJA--INFORMACIÓN GENERAL | |
| Códigos de información de longitud fija | 170420s2016 sp ||||| t||||||| ||spa d |
| 040 ## - FUENTE DE CATALOGACIÓN | |
| Centro catalogador de origen | ES-MaCES |
| Lengua de catalogación | spa |
| Centro transcriptor | ES-MaCES |
| Centro modificado | ES-MaCES |
| 100 1# - ENCABEZAMIENTO PRINCIPAL--NOMBRE PERSONAL | |
| 9 (RLIN) | 13955 |
| Nombre de persona | Gordo Mora, Esther |
| 245 10 - MENCIÓN DE TÍTULO | |
| Título | Oportunidades para la economía española del acuerdo TTIP entre la Unión Europea y los Estados Unidos |
| Mención de responsabilidad, etc. | Esther Gordo Mora, David Martínez Turégano |
| 500 ## - NOTA GENERAL | |
| Nota general | Resumen |
| 504 ## - NOTA DE BIBLIOGRAFÍA, ETC. | |
| Nota de bibliografía, etc. | Bibliografía: p. 68 |
| 630 44 - ASIENTO SECUNDARIO DE MATERIA--TÍTULO UNIFORME | |
| 9 (RLIN) | 36272 |
| Título uniforme | TTIP |
| 650 #4 - ASIENTO SECUNDARIO DE MATERIA--TÉRMINO DE MATERIA | |
| 9 (RLIN) | 26683 |
| Término de materia o nombre geográfico como elemento inicial | acuerdo internacional |
| 650 #4 - ASIENTO SECUNDARIO DE MATERIA--TÉRMINO DE MATERIA | |
| 9 (RLIN) | 26673 |
| Término de materia o nombre geográfico como elemento inicial | relaciones económicas |
| 650 #4 - ASIENTO SECUNDARIO DE MATERIA--TÉRMINO DE MATERIA | |
| 9 (RLIN) | 27958 |
| Término de materia o nombre geográfico como elemento inicial | comercio internacional |
| 650 #4 - ASIENTO SECUNDARIO DE MATERIA--TÉRMINO DE MATERIA | |
| 9 (RLIN) | 28006 |
| Término de materia o nombre geográfico como elemento inicial | zona de libre comercio |
| 650 #4 - ASIENTO SECUNDARIO DE MATERIA--TÉRMINO DE MATERIA | |
| 9 (RLIN) | 27960 |
| Término de materia o nombre geográfico como elemento inicial | mercado común |
| 650 #4 - ASIENTO SECUNDARIO DE MATERIA--TÉRMINO DE MATERIA | |
| 9 (RLIN) | 28373 |
| Término de materia o nombre geográfico como elemento inicial | Estados Unidos |
| 650 #4 - ASIENTO SECUNDARIO DE MATERIA--TÉRMINO DE MATERIA | |
| 9 (RLIN) | 26752 |
| Término de materia o nombre geográfico como elemento inicial | UE |
| 650 #4 - ASIENTO SECUNDARIO DE MATERIA--TÉRMINO DE MATERIA | |
| 9 (RLIN) | 26964 |
| Término de materia o nombre geográfico como elemento inicial | España |
| 653 10 - TÉRMINO DE INDEXACIÓN--NO CONTROLADO | |
| Término no controlado | Comercio internacional |
| 700 1# - ENCABEZAMIENTO SECUNDARIO--NOMBRE PERSONAL | |
| 9 (RLIN) | 38069 |
| Nombre de persona | Martínez Turégano, David |
| 773 0# - ENTRADA DE DOCUMENTO FUENTE | |
| Itemnumber del ítem fuente | 85568 |
| Lugar, editor y fecha de publicación | Madrid (Padre Damián, 48, 28036) Fundación Fondo para la Investigación Económica y Social, Obra Social de la Confederación Española de Cajas de Ahorros |
| Otro identificador del documento | 088466 |
| Título | Papeles de economía española |
| Número de control del registro relacionado | (ES-MaCES)25203 |
| Parte(s) relacionada(s) | n. 150 (2016) {10187 R. 088466} ;p. 51-68 |
| 902 ## - CES. TIPO DE DOCUMENTO | |
| Tipodoc (006$c Sirtex) | ART Artículo de revista |
| 942 ## - ELEMENTOS KOHA | |
| Fuente de clasificaión o esquema | Clasificación propia del CES |
| Koha [por defecto] tipo de item | Artículos (1982-2017) |
| Parte de clasificación | Economía |
No hay ítems disponibles.
